Business and professional communication : keys for workplace excellence.

Bibliographic Details
Main Author: Quintanilla
Other Authors: Wahl,
Format: Book
Published: California: Sage Publications, 2014.
Edition:2nd ed..
Subjects:
LEADER 00575cam a2200181 7i4500
001 0000030616
005 20140418090000.0
020 0 0 |a 9781452217628  
090 0 0 |a B 658.45   |b QUI 
100 1 0 |a Quintanilla  
245 1 0 |a Business and professional communication :   |b keys for workplace excellence. 
250 0 0 |a 2nd ed.. 
260 0 0 |a California:   |b Sage Publications,   |c 2014. 
300 # # |a 409 p. 
650 0 0 |a Business communication  
700 1 0 |a Wahl,   |h Shawn T.  
999 |a B000034120  |b Book  |c Book  |e Business Information Centre 
999 |a B000033861  |b Book  |c Book  |e Business Information Centre